[Event "U12-U20 French Championships"]
[Site "chess24.com"]
[Date "2019.04.18"]
[Round "6"]
[White "Sonet, Sandy"]
[Black "Anastasie, Laure"]
[Result "1/2-1/2"]
[Board "8"]
[WhiteElo "1616"]
[WhiteCountry "FRA"]
[WhiteFideId "677710"]
[WhiteEloChange "-5"]
[BlackElo "1445"]
[BlackCountry "FRA"]
[BlackFideId "26091607"]
[BlackEloChange "5"]

1. d4 {[%clk 1:30:59]} d5 {[%clk 1:30:56]} 2. c4 {[%clk 1:31:25]} c6 {[%clk
1:31:18]} 3. Nf3 {[%clk 1:31:51]} Nf6 {[%clk 1:31:38]} 4. Qc2 {[%clk 1:31:37]}
dxc4 {[%clk 1:31:45]} 5. Qxc4 {[%clk 1:26:57]} Bf5 {[%clk 1:27:09]} 6. Nc3 {[%clk
1:20:21]} e6 {[%clk 1:27:01]} 7. e3 {[%clk 1:17:34]} Be7 {[%clk 1:26:16]} 8. Be2
{[%clk 1:16:38]} O-O {[%clk 1:26:24]} 9. O-O {[%clk 1:16:03]} Nbd7 {[%clk
1:25:28]} 10. Qb3 {[%clk 0:58:52]} Qb6 {[%clk 1:15:21]} 11. Qd1 {[%clk 0:56:40]}
Qc7 {[%clk 1:06:59]} 12. Nh4 {[%clk 0:42:14]} Bg6 {[%clk 0:54:01]} 13. Nxg6
{[%clk 0:40:44]} hxg6 {[%clk 0:54:20]} 14. e4 {[%clk 0:37:34]} Nb6 {[%clk
0:53:41]} 15. Be3 {[%clk 0:35:20]} Rad8 {[%clk 0:53:38]} 16. Qc2 {[%clk 0:33:32]}
e5 {[%clk 0:49:49]} 17. Nb5 {[%clk 0:21:37]} Qb8 {[%clk 0:49:32]} 18. dxe5 {[%clk
0:21:04]} Qxe5 {[%clk 0:47:38]} 19. Nc3 {[%clk 0:15:59]} Rfe8 {[%clk 0:43:43]}
20. a4 {[%clk 0:12:49]} Qb8 {[%clk 0:43:32]} 21. a5 {[%clk 0:12:19]} Nbd7 {[%clk
0:42:55]} 22. f4 {[%clk 0:05:46]} Bc5 {[%clk 0:41:30]} 23. Bxc5 {[%clk 0:06:10]}
Nxc5 {[%clk 0:41:40]} 24. e5 {[%clk 0:06:25]} Nfd7 {[%clk 0:40:20]} 25. b4 {[%clk
0:06:01]} Ne6 {[%clk 0:39:18]} 26. Bc4 {[%clk 0:03:57]} b5 {[%clk 0:36:50]} 27.
Bd3 {[%clk 0:03:40]} a6 {[%clk 0:36:15]} 28. Qf2 {[%clk 0:02:19]} g5 {[%clk
0:31:16]} 29. fxg5 {[%clk 0:00:59]} Nxe5 {[%clk 0:29:44]} 30. Be2 {[%clk
0:00:41]} Nxg5 {[%clk 0:29:18]} 31. h4 {[%clk 0:00:42]} Nh7 {[%clk 0:28:26]} 32.
Rad1 {[%clk 0:00:38]} Rxd1 {[%clk 0:28:14]} 33. Rxd1 {[%clk 0:00:55]} Re7 {[%clk
0:27:32]} 34. Qc5 {[%clk 0:00:36]} Qa7 {[%clk 0:27:24]} 35. Qxa7 {[%clk 0:00:56]}
Rxa7 {[%clk 0:27:40]} 36. Rd8+ {[%clk 0:01:17]} Nf8 {[%clk 0:28:01]} 37. Ne4
{[%clk 0:00:49]} g6 {[%clk 0:26:01]} 38. Nf6+ {[%clk 0:00:39]} Kg7 {[%clk
0:26:05]} 39. Ne8+ {[%clk 0:00:38]} Kg8 {[%clk 0:26:04]} 40. Nd6 {[%clk 0:00:57]}
Rd7 {[%clk 0:25:32]} 41. Rxd7 {[%clk 0:00:46]} Nfxd7 {[%clk 0:25:51]} 42. Ne4
{[%clk 0:00:35]} Kg7 {[%clk 0:25:49]} 43. Kf2 {[%clk 0:00:47]} f5 {[%clk
0:25:18]} 44. Ng5 {[%clk 0:01:10]} Kf6 {[%clk 0:25:07]} 45. Ke3 {[%clk 0:00:41]}
c5 {[%clk 0:24:28]} 46. bxc5 {[%clk 0:00:45]} Nxc5 {[%clk 0:24:42]} 47. Nh7+
{[%clk 0:00:51]} Ke7 {[%clk 0:24:45]} 48. Kd4 {[%clk 0:01:03]} Kd6 {[%clk
0:24:38]} 49. Kc3 {[%clk 0:00:59]} Nb7 {[%clk 0:23:52]} 50. Bxb5 {[%clk 0:01:21]}
Nxa5 {[%clk 0:20:40]} 51. Bxa6 {[%clk 0:01:41]} Nac6 {[%clk 0:20:19]} 52. Bb5
{[%clk 0:01:22]} Ne7 {[%clk 0:20:13]} 53. Ng5 {[%clk 0:00:43]} Kc5 {[%clk
0:19:16]} 54. Be8 {[%clk 0:00:44]} Nd5+ {[%clk 0:18:58]} 55. Kd2 {[%clk 0:00:47]}
Nf4 {[%clk 0:18:56]} 56. g3 {[%clk 0:00:58]} Nh5 {[%clk 0:17:34]} 57. Ne6+ {[%clk
0:01:00]} Kd6 {[%clk 0:17:33]} 58. Nf8 {[%clk 0:00:59]} Nxg3 {[%clk 0:16:46]} 59.
Nxg6 {[%clk 0:01:17]} Nxg6 {[%clk 0:17:03]} 60. Bxg6 {[%clk 0:01:44]} Ke5 {[%clk
0:17:14]} 61. Bxf5 {[%clk 0:00:43]} 1/2-1/2

[Event "U12-U20 French Championships"]
[Site "chess24.com"]
[Date "2019.04.18"]
[Round "6"]
[White "Mazzella, Enzo"]
[Black "Gault, Emmanuel"]
[Result "1-0"]
[Board "14"]
[WhiteTitle "FM"]
[WhiteElo "2249"]
[WhiteCountry "FRA"]
[WhiteFideId "36019968"]
[WhiteEloChange "3"]
[BlackElo "1962"]
[BlackCountry "FRA"]
[BlackFideId "36065234"]
[BlackEloChange "-3"]

1. e4 {[%clk 1:30:57]} c5 {[%clk 1:30:57]} 2. Nc3 {[%clk 1:31:23]} g6 {[%clk
1:31:22]} 3. d4 {[%clk 1:31:49]} cxd4 {[%clk 1:31:45]} 4. Qxd4 {[%clk 1:32:17]}
Nf6 {[%clk 1:32:07]} 5. Nf3 {[%clk 1:32:44]} Nc6 {[%clk 1:31:43]} 6. Qa4 {[%clk
1:33:13]} d6 {[%clk 1:32:04]} 7. e5 {[%clk 1:33:39]} Ng4 {[%clk 1:31:58]} 8. exd6
{[%clk 1:33:15]} Qxd6 {[%clk 1:32:19]} 9. h3 {[%clk 1:33:30]} Ne5 {[%clk
1:31:34]} 10. Nxe5 {[%clk 1:33:29]} Qxe5+ {[%clk 1:31:56]} 11. Be2 {[%clk
1:33:51]} Bg7 {[%clk 1:31:09]} 12. Be3 {[%clk 1:33:59]} O-O {[%clk 1:31:04]} 13.
Rd1 {[%clk 1:34:20]} Be6 {[%clk 1:30:25]} 14. O-O {[%clk 1:28:19]} Rfd8 {[%clk
1:28:29]} 15. Bf3 {[%clk 1:01:20]} Nd4 {[%clk 1:07:50]} 16. Bxb7 {[%clk 0:44:49]}
Rab8 {[%clk 1:08:00]} 17. Bd5 {[%clk 0:45:03]} Bxd5 {[%clk 0:57:48]} 18. Bxd4
{[%clk 0:40:36]} Qg5 {[%clk 0:54:48]} 19. Nxd5 {[%clk 0:38:46]} Rxd5 {[%clk
0:53:55]} 20. Qxa7 {[%clk 0:32:48]} Rc8 {[%clk 0:50:29]} 21. Bxg7 {[%clk
0:28:22]} Kxg7 {[%clk 0:50:01]} 22. c3 {[%clk 0:24:28]} Rcd8 {[%clk 0:48:14]} 23.
Rxd5 {[%clk 0:24:27]} Rxd5 {[%clk 0:48:07]} 24. Qe3 {[%clk 0:23:50]} Qf6 {[%clk
0:47:52]} 25. Re1 {[%clk 0:23:54]} e6 {[%clk 0:47:58]} 26. b4 {[%clk 0:22:17]}
Qh4 {[%clk 0:47:56]} 27. a4 {[%clk 0:17:00]} Qc4 {[%clk 0:48:00]} 28. a5 {[%clk
0:16:20]} Rd3 {[%clk 0:47:53]} 29. Qe4 {[%clk 0:11:54]} Qxc3 {[%clk 0:47:33]} 30.
Qe5+ {[%clk 0:12:16]} Qxe5 {[%clk 0:46:46]} 31. Rxe5 {[%clk 0:12:45]} Rd1+ {[%clk
0:47:03]} 32. Kh2 {[%clk 0:13:14]} Ra1 {[%clk 0:46:54]} 33. Rb5 {[%clk 0:13:26]}
Kf8 {[%clk 0:46:47]} 34. Rb6 {[%clk 0:12:27]} Ke8 {[%clk 0:46:16]} 35. a6 {[%clk
0:12:32]} Kd8 {[%clk 0:46:41]} 36. b5 {[%clk 0:12:58]} Kc8 {[%clk 0:46:39]} 37.
Rb7 {[%clk 0:13:18]} Ra5 {[%clk 0:46:15]} 38. Rxf7 {[%clk 0:11:32]} Rxb5 {[%clk
0:46:35]} 39. a7 {[%clk 0:11:56]} Ra5 {[%clk 0:46:58]} 40. Rxh7 {[%clk 0:12:21]}
1-0

[Event "U12-U20 French Championships"]
[Site "chess24.com"]
[Date "2019.04.18"]
[Round "6"]
[White "Belluire, Beatrice"]
[Black "Georget, Laureline"]
[Result "1/2-1/2"]
[Board "16"]
[WhiteElo "1870"]
[WhiteCountry "FRA"]
[WhiteFideId "26017296"]
[WhiteEloChange "-6"]
[BlackElo "1642"]
[BlackCountry "FRA"]
[BlackFideId "26053284"]
[BlackEloChange "6"]

1. e4 {[%clk 1:31:00]} c5 {[%clk 1:30:54]} 2. Nf3 {[%clk 1:31:29]} Nc6 {[%clk
1:31:14]} 3. Bb5 {[%clk 1:31:57]} d6 {[%clk 1:31:06]} 4. O-O {[%clk 1:32:25]} Bd7
{[%clk 0:02:01]} 5. Re1 {[%clk 0:00:01]} Nf6 {[%clk 1:28:31]} 6. c3 {[%clk
1:33:23]} g6 {[%clk 1:27:19]} 7. d4 {[%clk 1:32:46]} cxd4 {[%clk 1:26:44]} 8.
cxd4 {[%clk 1:33:05]} a6 {[%clk 1:19:59]} 9. Bf1 {[%clk 1:30:17]} e5 {[%clk
1:08:30]} 10. d5 {[%clk 1:15:29]} Ne7 {[%clk 1:06:33]} 11. a4 {[%clk 1:13:43]}
Bg7 {[%clk 0:58:29]} 12. a5 {[%clk 1:14:07]} b5 {[%clk 0:55:24]} 13. axb6 {[%clk
1:11:26]} Qxb6 {[%clk 0:04:12]} 14. Be3 {[%clk 1:07:04]} Qb7 {[%clk 0:50:57]} 15.
Nbd2 {[%clk 1:02:57]} O-O {[%clk 0:46:36]} 16. h3 {[%clk 0:10:04]} Rfc8 {[%clk
0:40:47]} 17. Nc4 {[%clk 0:48:13]} Nxe4 {[%clk 0:30:02]} 18. Nb6 {[%clk 0:48:09]}
Nf6 {[%clk 0:25:25]} 19. Nxc8 {[%clk 0:39:52]} Bxc8 {[%clk 0:24:56]} 20. Bg5
{[%clk 0:30:36]} Qxd5 {[%clk 0:22:02]} 21. Bxf6 {[%clk 0:27:51]} Bxf6 {[%clk
0:22:01]} 22. Qxd5 {[%clk 0:28:19]} Nxd5 {[%clk 0:22:27]} 23. Red1 {[%clk
0:28:31]} Bb7 {[%clk 0:21:20]} 24. Bc4 {[%clk 0:25:57]} Nb6 {[%clk 0:15:39]} 25.
Rxd6 {[%clk 0:26:25]} Nxc4 {[%clk 0:14:47]} 26. Rxf6 {[%clk 0:26:54]} Kg7 {[%clk
0:13:35]} 27. Nxe5 {[%clk 0:22:39]} Nxe5 {[%clk 0:13:13]} 28. Rb6 {[%clk
0:23:04]} Bc8 {[%clk 0:11:55]} 29. b4 {[%clk 0:19:33]} Nd7 {[%clk 0:08:44]} 30.
Rc6 {[%clk 0:19:31]} Ne5 {[%clk 0:07:19]} 31. Rb6 {[%clk 0:11:54]} Nc4 {[%clk
0:05:46]} 32. Rc6 {[%clk 0:00:14]} Ne5 {[%clk 0:05:52]} 33. Rc7 {[%clk 0:08:19]}
Rb8 {[%clk 0:05:17]} 34. Re1 {[%clk 0:08:47]} Kf6 {[%clk 0:03:36]} 35. f4 {[%clk
0:08:09]} Nd7 {[%clk 0:01:59]} 36. Rec1 {[%clk 0:07:18]} Nb6 {[%clk 0:01:52]} 37.
R1c6+ {[%clk 0:06:05]} Kg7 {[%clk 0:02:07]} 38. g4 {[%clk 0:05:19]} h5 {[%clk
0:01:46]} 39. gxh5 {[%clk 0:04:38]} gxh5 {[%clk 0:02:12]} 40. Kg2 {[%clk
0:04:42]} Bf5 {[%clk 0:02:13]} 41. Rc5 {[%clk 0:04:50]} 1/2-1/2

[Event "U12-U20 French Championships"]
[Site "chess24.com"]
[Date "2019.04.18"]
[Round "6"]
[White "Dalaud, Dorian"]
[Black "Maache, Jawad"]
[Result "1-0"]
[Board "22"]
[WhiteElo "2167"]
[WhiteCountry "FRA"]
[WhiteFideId "36093270"]
[WhiteEloChange "13"]
[BlackElo "2261"]
[BlackCountry "FRA"]
[BlackFideId "26080052"]
[BlackEloChange "-13"]

1. e4 {[%clk 1:28:08]} d5 {[%clk 1:30:51]} 2. exd5 {[%clk 1:28:01]} Qxd5 {[%clk
1:31:13]} 3. Nc3 {[%clk 1:28:03]} Qa5 {[%clk 1:31:33]} 4. d4 {[%clk 1:28:05]} Nf6
{[%clk 1:31:55]} 5. Bc4 {[%clk 1:28:07]} Bg4 {[%clk 1:32:11]} 6. Ne2 {[%clk
1:28:27]} e6 {[%clk 1:28:24]} 7. O-O {[%clk 1:20:58]} Nbd7 {[%clk 1:24:20]} 8. h3
{[%clk 1:19:31]} Bf5 {[%clk 1:23:37]} 9. Ng3 {[%clk 1:16:52]} Bg6 {[%clk
1:22:05]} 10. d5 {[%clk 1:06:25]} e5 {[%clk 1:21:44]} 11. a3 {[%clk 1:03:32]} h5
{[%clk 0:58:38]} 12. Bd2 {[%clk 0:41:15]} c6 {[%clk 0:51:14]} 13. dxc6 {[%clk
0:26:55]} bxc6 {[%clk 0:51:32]} 14. Nd5 {[%clk 0:24:41]} Qd8 {[%clk 0:51:18]} 15.
Nxf6+ {[%clk 0:24:51]} Qxf6 {[%clk 0:50:57]} 16. f4 {[%clk 0:24:06]} Qd6 {[%clk
0:24:42]} 17. Qe2 {[%clk 0:20:42]} h4 {[%clk 0:23:53]} 18. f5 {[%clk 0:20:59]}
Bh7 {[%clk 0:23:24]} 19. Ne4 {[%clk 0:20:01]} Qd4+ {[%clk 0:18:06]} 20. Kh1
{[%clk 0:19:40]} Be7 {[%clk 0:17:37]} 21. Bc3 {[%clk 0:17:46]} Qb6 {[%clk
0:17:53]} 22. Qh5 {[%clk 0:14:48]} O-O {[%clk 0:17:38]} 23. Ng5 {[%clk 0:06:01]}
Bxg5 {[%clk 0:15:48]} 24. Qxg5 {[%clk 0:06:30]} Qd8 {[%clk 0:13:41]} 25. f6
{[%clk 0:05:36]} Nxf6 {[%clk 0:13:29]} 26. Bxe5 {[%clk 0:04:14]} Ne8 {[%clk
0:13:53]} 27. Qh5 {[%clk 0:04:09]} Nf6 {[%clk 0:08:04]} 28. Bxf6 {[%clk 0:03:10]}
gxf6 {[%clk 0:08:27]} 29. Rf4 {[%clk 0:02:31]} 1-0

[Event "U12-U20 French Championships"]
[Site "chess24.com"]
[Date "2019.04.18"]
[Round "6"]
[White "Randrianarimanana, Alicia"]
[Black "Aubert, Estee"]
[Result "0-1"]
[Board "23"]
[WhiteElo "1861"]
[WhiteCountry "FRA"]
[WhiteFideId "36034738"]
[WhiteEloChange "-11"]
[BlackElo "1839"]
[BlackCountry "FRA"]
[BlackFideId "26053438"]
[BlackEloChange "11"]

1. e4 {[%clk 1:31:00]} c5 {[%clk 1:30:55]} 2. d3 {[%clk 1:31:14]} e6 {[%clk
1:31:08]} 3. g3 {[%clk 1:31:40]} d5 {[%clk 1:30:02]} 4. Nd2 {[%clk 1:32:05]} Bd6
{[%clk 1:30:07]} 5. Bg2 {[%clk 1:32:24]} Ne7 {[%clk 1:30:25]} 6. Nh3 {[%clk
1:31:20]} O-O {[%clk 1:27:44]} 7. O-O {[%clk 1:31:40]} Nbc6 {[%clk 1:27:14]} 8.
f4 {[%clk 1:28:54]} f6 {[%clk 1:26:33]} 9. Nf3 {[%clk 1:23:30]} b5 {[%clk
1:14:20]} 10. Qe2 {[%clk 1:22:42]} Qc7 {[%clk 1:13:25]} 11. Nf2 {[%clk 1:22:13]}
Rb8 {[%clk 1:11:47]} 12. Re1 {[%clk 1:22:28]} Ng6 {[%clk 1:10:44]} 13. h4 {[%clk
0:57:25]} Be7 {[%clk 0:59:06]} 14. h5 {[%clk 0:57:25]} Nh8 {[%clk 0:05:38]} 15.
Ng4 {[%clk 0:52:24]} Nf7 {[%clk 0:58:05]} 16. e5 {[%clk 0:34:06]} f5 {[%clk
0:55:47]} 17. Nf2 {[%clk 0:34:01]} Nh6 {[%clk 0:55:40]} 18. Ng5 {[%clk 0:26:02]}
a5 {[%clk 0:52:47]} 19. g4 {[%clk 0:24:43]} Nd4 {[%clk 0:52:26]} 20. Qd1 {[%clk
0:25:10]} fxg4 {[%clk 0:50:41]} 21. c3 {[%clk 0:23:39]} g3 {[%clk 0:50:30]} 22.
Nfh3 {[%clk 0:23:33]} Ndf5 {[%clk 0:50:18]} 23. Re2 {[%clk 0:20:09]} Qd7 {[%clk
0:41:30]} 24. Kh1 {[%clk 0:19:31]} Bb7 {[%clk 0:38:37]} 25. d4 {[%clk 0:19:28]}
b4 {[%clk 0:02:33]} 26. Rc2 {[%clk 0:19:26]} Rfc8 {[%clk 0:36:25]} 27. Nf3 {[%clk
0:19:02]} Qe8 {[%clk 0:32:26]} 28. Nfg5 {[%clk 0:18:47]} Bf8 {[%clk 0:32:11]} 29.
dxc5 {[%clk 0:18:03]} Rxc5 {[%clk 0:29:15]} 30. cxb4 {[%clk 0:17:50]} Rxc2 {[%clk
0:28:30]} 31. Qxc2 {[%clk 0:18:19]} Rc8 {[%clk 0:28:16]} 32. Qd1 {[%clk 0:18:47]}
Bxb4 {[%clk 0:28:17]} 33. Rb1 {[%clk 0:16:35]} Rc4 {[%clk 0:27:05]} 34. a3 {[%clk
0:16:33]} Bc5 {[%clk 0:26:19]} 35. b3 {[%clk 0:13:02]} Rc3 {[%clk 0:21:20]} 36.
Bd2 {[%clk 0:12:24]} Ne3 {[%clk 0:20:34]} 37. Bxe3 {[%clk 0:11:54]} Rxe3 {[%clk
0:19:53]} 38. Qc1 {[%clk 0:11:21]} Bb6 {[%clk 0:19:40]} 39. b4 {[%clk 0:11:15]}
a4 {[%clk 0:19:28]} 40. Qc2 {[%clk 0:10:27]} Nf5 {[%clk 0:18:57]} 41. b5 {[%clk
0:10:33]} h6 {[%clk 0:18:33]} 42. Nf3 {[%clk 0:10:45]} Qxh5 {[%clk 0:01:26]} 43.
Qxa4 {[%clk 0:00:26]} Rxf3 {[%clk 0:18:23]} 44. Qd1 {[%clk 0:10:16]} d4 {[%clk
0:18:19]} 45. Qc2 {[%clk 0:10:05]} Qxh3+ {[%clk 0:17:44]} 46. Bxh3 {[%clk
0:10:33]} Rf1# {[%clk 0:18:12]} 0-1

[Event "U12-U20 French Championships"]
[Site "chess24.com"]
[Date "2019.04.18"]
[Round "6"]
[White "Yuan, Beline"]
[Black "Sabiani, Chjara"]
[Result "1/2-1/2"]
[Board "24"]
[WhiteElo "1977"]
[WhiteCountry "FRA"]
[WhiteFideId "36019879"]
[WhiteEloChange "-4"]
[BlackElo "1812"]
[BlackCountry "FRA"]
[BlackFideId "26081369"]
[BlackEloChange "4"]

1. d4 {[%clk 1:30:51]} g6 {[%clk 1:30:15]} 2. c4 {[%clk 1:30:55]} Bg7 {[%clk
1:29:48]} 3. e4 {[%clk 1:31:07]} d6 {[%clk 1:29:15]} 4. Nc3 {[%clk 1:29:26]} Nc6
{[%clk 1:29:14]} 5. Be3 {[%clk 1:17:57]} e5 {[%clk 1:28:59]} 6. Nge2 {[%clk
1:18:07]} f5 {[%clk 1:18:53]} 7. f3 {[%clk 1:14:49]} Nh6 {[%clk 1:09:39]} 8. dxe5
{[%clk 1:10:19]} Nxe5 {[%clk 1:07:34]} 9. Nf4 {[%clk 1:05:37]} fxe4 {[%clk
0:59:00]} 10. Nxe4 {[%clk 1:04:29]} Nf5 {[%clk 0:59:03]} 11. Bf2 {[%clk 1:03:51]}
O-O {[%clk 0:27:51]} 12. Be2 {[%clk 0:40:09]} Kh8 {[%clk 0:45:45]} 13. O-O {[%clk
0:38:25]} Bh6 {[%clk 0:39:51]} 14. Qd2 {[%clk 0:30:31]} b6 {[%clk 0:26:04]} 15.
g4 {[%clk 0:23:21]} Bxf4 {[%clk 0:24:43]} 16. Qxf4 {[%clk 0:23:32]} Nd4 {[%clk
0:23:18]} 17. Qe3 {[%clk 0:19:37]} Nxe2+ {[%clk 0:21:32]} 18. Qxe2 {[%clk
0:20:03]} Nxf3+ {[%clk 0:21:55]} 19. Qxf3 {[%clk 0:18:28]} Rxf3 {[%clk 0:21:33]}
20. Bd4+ {[%clk 0:18:54]} Kg8 {[%clk 0:21:54]} 21. Rxf3 {[%clk 0:19:21]} Bb7
{[%clk 0:20:44]} 22. Nf6+ {[%clk 0:19:08]} Kf7 {[%clk 0:19:42]} 23. Nd5+ {[%clk
0:13:44]} Kg8 {[%clk 0:18:12]} 24. Nf6+ {[%clk 0:13:51]} Kf7 {[%clk 0:18:36]} 25.
Nd5+ {[%clk 0:14:16]} Kg8 {[%clk 0:18:59]} 26. Nf6+ {[%clk 0:14:40]} Kf7 {[%clk
0:01:09]} 27. Nd5+ {[%clk 0:15:10]} 1/2-1/2

[Event "U12-U20 French Championships"]
[Site "chess24.com"]
[Date "2019.04.18"]
[Round "6"]
[White "Rozec, Mialy"]
[Black "Djidjeli, Sarah"]
[Result "0-1"]
[Board "25"]
[WhiteElo "1683"]
[WhiteCountry "FRA"]
[WhiteFideId "26092409"]
[WhiteEloChange "-2"]
[BlackElo "2041"]
[BlackCountry "FRA"]
[BlackFideId "36067474"]
[BlackEloChange "2"]

1. d4 {[%clk 1:30:54]} Nf6 {[%clk 1:30:56]} 2. Nf3 {[%clk 1:31:16]} g6 {[%clk
1:31:08]} 3. g3 {[%clk 1:31:33]} Bg7 {[%clk 1:31:18]} 4. Bg2 {[%clk 1:31:51]} O-O
{[%clk 1:30:58]} 5. O-O {[%clk 1:32:16]} d5 {[%clk 1:26:46]} 6. c4 {[%clk
1:32:13]} Nc6 {[%clk 1:21:44]} 7. cxd5 {[%clk 1:27:35]} Nxd5 {[%clk 1:21:55]} 8.
e3 {[%clk 1:27:57]} Nb6 {[%clk 1:14:39]} 9. Nc3 {[%clk 1:22:37]} a5 {[%clk
1:04:55]} 10. Qe2 {[%clk 1:11:52]} e5 {[%clk 0:58:09]} 11. dxe5 {[%clk 1:09:50]}
Nxe5 {[%clk 0:58:26]} 12. Nxe5 {[%clk 1:09:56]} Bxe5 {[%clk 0:58:52]} 13. Rd1
{[%clk 1:09:39]} Qe7 {[%clk 0:58:29]} 14. Bd2 {[%clk 0:05:02]} c6 {[%clk
0:55:18]} 15. Rac1 {[%clk 1:02:41]} Be6 {[%clk 0:53:59]} 16. Be1 {[%clk 0:42:41]}
Bg7 {[%clk 0:48:31]} 17. Ne4 {[%clk 0:33:31]} Bxa2 {[%clk 0:39:47]} 18. Nc5
{[%clk 0:33:02]} Bd5 {[%clk 0:38:21]} 19. e4 {[%clk 0:31:44]} Be6 {[%clk
0:29:33]} 20. Nxe6 {[%clk 0:29:24]} Qxe6 {[%clk 0:29:34]} 21. Bc3 {[%clk
0:21:00]} Bxc3 {[%clk 0:27:29]} 22. Rxc3 {[%clk 0:21:25]} Na4 {[%clk 0:27:18]}
23. Ra3 {[%clk 0:17:34]} Nc5 {[%clk 0:24:56]} 24. Qe3 {[%clk 0:17:47]} b6 {[%clk
0:23:58]} 25. e5 {[%clk 0:09:36]} Rad8 {[%clk 0:20:32]} 26. Rd4 {[%clk 0:09:38]}
Rfe8 {[%clk 0:18:22]} 27. Rd6 {[%clk 0:02:13]} Qxd6 {[%clk 0:16:14]} 28. exd6
{[%clk 0:02:39]} Rxe3 {[%clk 0:16:39]} 29. Rxe3 {[%clk 0:03:00]} Rxd6 {[%clk
0:16:59]} 30. Re8+ {[%clk 0:03:01]} Kg7 {[%clk 0:17:22]} 31. Rb8 {[%clk 0:01:38]}
b5 {[%clk 0:15:26]} 32. Kf1 {[%clk 0:00:53]} Nd3 {[%clk 0:14:19]} 33. Rb6 {[%clk
0:00:33]} Nxb2 {[%clk 0:12:38]} 34. Bxc6 {[%clk 0:00:32]} b4 {[%clk 0:10:22]} 35.
Ra6 {[%clk 0:00:35]} a4 {[%clk 0:10:42]} 36. h4 {[%clk 0:00:34]} a3 {[%clk
0:10:40]} 37. Kg2 {[%clk 0:00:36]} Nd3 {[%clk 0:10:23]} 38. Kf3 {[%clk 0:00:32]}
Rxc6 {[%clk 0:10:46]} 0-1

[Event "U12-U20 French Championships"]
[Site "chess24.com"]
[Date "2019.04.18"]
[Round "6"]
[White "Moracchini, Margaux"]
[Black "Piacentini, Angelina"]
[Result "1-0"]
[Board "26"]
[WhiteElo "1891"]
[WhiteCountry "FRA"]
[WhiteFideId "36018198"]
[WhiteEloChange "2"]
[BlackElo "1516"]
[BlackCountry "FRA"]
[BlackFideId "36017442"]
[BlackEloChange "-2"]

1. e4 {[%clk 1:30:55]} e5 {[%clk 1:30:51]} 2. Nf3 {[%clk 1:31:22]} Nc6 {[%clk
1:31:11]} 3. d4 {[%clk 1:31:48]} Nxd4 {[%clk 1:31:10]} 4. Nxd4 {[%clk 1:25:43]}
exd4 {[%clk 1:31:11]} 5. Qxd4 {[%clk 1:26:10]} Ne7 {[%clk 1:30:41]} 6. Nc3 {[%clk
1:20:13]} Nc6 {[%clk 1:29:25]} 7. Qe3 {[%clk 1:15:33]} Bb4 {[%clk 1:27:44]} 8.
Bd2 {[%clk 1:12:28]} d6 {[%clk 1:18:17]} 9. Be2 {[%clk 1:09:24]} Be6 {[%clk
1:12:50]} 10. O-O {[%clk 1:07:02]} O-O {[%clk 1:10:15]} 11. Qg3 {[%clk 1:03:21]}
Qf6 {[%clk 1:04:25]} 12. a3 {[%clk 1:01:37]} Bxc3 {[%clk 0:58:41]} 13. Bxc3
{[%clk 1:01:47]} Qg6 {[%clk 0:59:00]} 14. Qh4 {[%clk 0:51:13]} f5 {[%clk
0:12:16]} 15. Bd3 {[%clk 0:44:40]} fxe4 {[%clk 0:50:06]} 16. Bxe4 {[%clk
0:43:40]} Bf5 {[%clk 0:49:38]} 17. Rfe1 {[%clk 0:38:28]} Rae8 {[%clk 0:42:12]}
18. Bd5+ {[%clk 0:30:05]} Kh8 {[%clk 0:38:48]} 19. Qc4 {[%clk 0:19:39]} h6 {[%clk
0:23:16]} 20. Rxe8 {[%clk 0:17:27]} Qxe8 {[%clk 0:22:33]} 21. Re1 {[%clk
0:17:14]} Qd7 {[%clk 0:17:54]} 22. Bxc6 {[%clk 0:14:48]} bxc6 {[%clk 0:17:03]}
23. Qh4 {[%clk 0:15:02]} Rf7 {[%clk 0:10:37]} 24. Qxh6+ {[%clk 0:15:09]} Kg8
{[%clk 0:10:39]} 25. Qe3 {[%clk 0:13:43]} c5 {[%clk 0:09:34]} 26. b4 {[%clk
0:08:26]} cxb4 {[%clk 0:08:20]} 27. axb4 {[%clk 0:07:54]} Bxc2 {[%clk 0:07:41]}
28. Qxa7 {[%clk 0:01:21]} c6 {[%clk 0:06:47]} 29. Qa8+ {[%clk 0:06:03]} Kh7
{[%clk 0:06:55]} 30. Qe8 {[%clk 0:02:46]} Qxe8 {[%clk 0:06:56]} 31. Rxe8 {[%clk
0:03:13]} Ba4 {[%clk 0:07:03]} 32. Re6 {[%clk 0:03:05]} d5 {[%clk 0:07:15]} 33.
f3 {[%clk 0:03:14]} Rd7 {[%clk 0:07:26]} 34. Bd4 {[%clk 0:03:30]} Rb7 {[%clk
0:07:29]} 35. Bc5 {[%clk 0:03:17]} Rd7 {[%clk 0:07:11]} 36. Bd4 {[%clk 0:02:29]}
Rb7 {[%clk 0:06:52]} 37. Bc5 {[%clk 0:02:56]} Rd7 {[%clk 0:07:01]} 38. Kf2 {[%clk
0:03:10]} Kg8 {[%clk 0:06:02]} 39. Ke3 {[%clk 0:03:28]} Kf7 {[%clk 0:05:53]} 40.
Re5 {[%clk 0:03:31]} g6 {[%clk 0:05:17]} 41. Kd4 {[%clk 0:03:02]} Bb5 {[%clk
0:05:14]} 42. Re1 {[%clk 0:03:09]} Kf6 {[%clk 0:04:47]} 43. Re8 {[%clk 0:03:14]}
Rf7 {[%clk 0:04:51]} 44. h4 {[%clk 0:02:32]} Rh7 {[%clk 0:04:19]} 45. Rf8+ {[%clk
0:02:46]} Ke6 {[%clk 0:04:14]} 46. Rf4 {[%clk 0:02:51]} Bf1 {[%clk 0:03:25]} 47.
g3 {[%clk 0:02:09]} Bb5 {[%clk 0:03:16]} 48. Rg4 {[%clk 0:02:12]} Kf5 {[%clk
0:03:19]} 49. Rg5+ {[%clk 0:02:38]} Kf6 {[%clk 0:03:21]} 50. Bd6 {[%clk 0:02:50]}
Ra7 {[%clk 0:02:38]} 51. Be5+ {[%clk 0:03:02]} Kf7 {[%clk 0:02:48]} 52. h5 {[%clk
0:03:24]} gxh5 {[%clk 0:02:50]} 53. Rg7+ {[%clk 0:03:51]} 1-0